Physical Chemistry

Bibliographic Details
Main Author: Castellan, Gilbert W.
Format: Section = Libro
Language:Undetermined
Spanish
Published: London Addison/Wesley 1964
Subjects:
LEADER 00453nam a2200181Ia 4500
008 240830s9999 xx 000 0 und d
040 |a CEDOC FIQ-RUSB / 539 C348 
041 |a spa 
082 |a 539 C348 
100 1 |a Castellan, Gilbert W. 
245 1 0 |a Physical Chemistry 
260 |a London  |b Addison/Wesley  |c 1964 
300 |a 717 p.: il. 
650 7 |a FISICOQUIMICA 
650 7 |b  FENÓMENOS DE SUPERFICIE 
942 |c BK  |2 ddc 
991 |a TEXTO 
999 |c 13378